Normal view
MARC view
Entry Personal Name
001 - CONTROL NUMBER
- control field: 43864
003 - CONTROL NUMBER IDENTIFIER
- control field: dpl
005 - DATE AND TIME OF LATEST TRANSACTION
- control field: 20120317113054.0
008 - FIXED-LENGTH DATA ELEMENTS
- fixed length control field: 120317|||a|||||| | ||| d
040 ## - CATALOGING SOURCE
- Original cataloging agency: dpl
- Transcribing agency: dpl
100 ## - HEADING--PERSONAL NAME
- Personal name: कोठारी, एस.एल.
670 ## - SOURCE DATA FOUND
- Source citation: Work cat.: (dpl)64085: कोठारी, एस.एल., व्यावसायिक सांख्यिकी /, 2006
670 ## - SOURCE DATA FOUND
- Source citation: Work cat.: (dpl)64085: कोठारी, एस.एल., व्यावसायिक सांख्यिकी /, 2006
